[Event "Wch Seniors 50 26th"]
[Site "Marianske Lazne"]
[Date "2016.11.29"]
[Round "10"]
[White "Koblizek, Lubomir"]
[Black "Simon, Petr"]
[Result "1/2-1/2"]
[WhiteElo "1811"]
[BlackElo "1681"]
[PlyCount "50"]
[EventDate "2016.11.19"]
[EventType "swiss"]
[EventRounds "11"]
[EventCountry "CZE"]
[SourceTitle "CBM 175 Extra"]
[Source "ChessBase"]
[SourceDate "2016.12.12"]
[SourceVersion "1"]
[SourceVersionDate "2016.12.12"]
[SourceQuality "1"]

1. f4 Nf6 2. Nf3 d5 3. g3 g6 4. b3 Bg7 5. Bb2 0-0 6. Bg2 Nc6 7. d3 a6 8. h3 e6 9. 0-0 Ne7 10. Ne5 c5 11. Nd2 Nf5 12. Rf3 Nh5 13. Kh2 Nf6 14. Nf1 b5 15. a4 Bb7 16. g4 Ne7 17. axb5 axb5 18. Rxa8 Bxa8 19. Qa1 Qc7 20. Nd2 Bb7 21. Qc1 Rd8 22. g5 Ne8 23. Ng4 d4 24. c4 f5 25. gxf6 Nxf6 1/2-1/2

[Event "Wch Seniors 50 26th"]
[Site "Marianske Lazne"]
[Date "2016.11.28"]
[Round "9"]
[White "Schmidt, Thomas"]
[Black "Koblizek, Lubomir"]
[Result "0-1"]
[WhiteElo "1673"]
[BlackElo "1811"]
[PlyCount "100"]
[EventDate "2016.11.19"]
[EventType "swiss"]
[EventRounds "11"]
[EventCountry "CZE"]
[SourceTitle "CBM 175 Extra"]
[Source "ChessBase"]
[SourceDate "2016.12.12"]
[SourceVersion "1"]
[SourceVersionDate "2016.12.12"]
[SourceQuality "1"]

1. e4 d6 2. d4 e5 3. Nf3 exd4 4. Qxd4 Nc6 5. Bb5 Bd7 6. Bxc6 Bxc6 7. Nc3 Nf6 8. Bg5 Be7 9. 0-0-0 h6 10. Bh4 0-0 11. Rhe1 Re8 12. Qd2 Nxe4 13. Nxe4 Bxh4 14. Ng3 Bxf3 15. Rxe8+ Qxe8 16. gxf3 Qa4 17. Qd4 Qxd4 18. Rxd4 Bf6 19. Re4 Kf8 20. c4 Re8 21. Kc2 Re5 22. b3 g6 23. Kd3 h5 24. f4 Re7 25. f3 Bh4 26. Nf1 f5 27. Rxe7 Kxe7 28. Ne3 c6 29. Ng2 Bf2 30. Ke2 Bb6 31. Ne1 Kf6 32. Nd3 g5 33. fxg5+ Kxg5 34. Kf1 Bd4 35. Kg2 f4 36. Ne1 Kf5 37. Nd3 Bb6 38. Kf1 d5 39. cxd5 cxd5 40. Ke2 Bd4 41. Kf1 a5 42. a4 Be3 43. b4 axb4 44. Nxb4 Ke5 45. Ke2 Bg1 46. h3 Kd4 47. Kd2 Be3+ 48. Ke2 Kc4 49. Nc2 d4 50. a5 d3+ 0-1

[Event "Wch Seniors 50 26th"]
[Site "Marianske Lazne"]
[Date "2016.11.22"]
[Round "4"]
[White "Petras, Milan"]
[Black "Koblizek, Lubomir"]
[Result "1/2-1/2"]
[WhiteElo "1969"]
[BlackElo "1811"]
[PlyCount "45"]
[EventDate "2016.11.19"]
[EventType "swiss"]
[EventRounds "11"]
[EventCountry "CZE"]
[SourceTitle "CBM 175 Extra"]
[Source "ChessBase"]
[SourceDate "2016.12.12"]
[SourceVersion "1"]
[SourceVersionDate "2016.12.12"]
[SourceQuality "1"]

1. e4 d6 2. d4 e5 3. Bc4 exd4 4. Nf3 Nc6 5. Nxd4 Nxd4 6. Qxd4 Nf6 7. Nc3 Be6 8. Nd5 Be7 9. Bd2 Nxd5 10. exd5 Bf5 11. 0-0-0 0-0 12. Qf4 Bg6 13. h4 h6 14. Qg3 h5 15. Bc3 Bf6 16. Rde1 Bxc3 17. Qxc3 Qd7 18. Re3 b5 19. Bf1 b4 20. Qc6 Qxc6 21. dxc6 Rfe8 22. Rhh3 Be4 23. Bb5 1/2-1/2